| 000 | 00769nac a22002051u 4500 | ||
|---|---|---|---|
| 010 | _a 82010606 | ||
| 020 | _a0893971421 (Nichols : pbk. v. 1) : | ||
| 020 | _a089397143X (Nichols : pbk. v. 2) : | ||
| 082 | 0 | 0 |
_a729 _bB7928 |
| 090 |
_c3218 _d3218 |
||
| 100 | _aBoyne, Colin. | ||
| 245 | 1 | 0 |
_aBest of Architects' working details / _cColin Boyne and Lance Wright. _nv.2 _pInternal |
| 260 |
_aLondon : _bArchitectural Press ; _aNew York : _bNichols Pub. Co.,1982. _c1982. |
||
| 300 |
_a200 p. : _bill. ; _c30 cm. |
||
| 500 | _aIncludes indexes. | ||
| 650 | 0 |
_aArchitecture _xDetails. |
|
| 700 | 1 | _aWright, Lance. | |
| 942 |
_cBB _k729 B7928 |
||
| 999 |
_c3218 _d3218 |
||